| 000 | 00554nam a22001937a 4500 | ||
|---|---|---|---|
| 005 | 20260512155056.0 | ||
| 008 | 260512b |||||||| |||| 00| 0 eng d | ||
| 020 |
_a9789388696760 _c1549.00 |
||
| 040 | _aMAIN | ||
| 041 | _aEnglish | ||
| 082 |
_a572.8076 _bLIE |
||
| 100 |
_aLieberman, Michael A _918885 |
||
| 245 |
_aBiochemistry Molecular Biology And Genetics _b : Board Review Series |
||
| 260 |
_aNew Delhi _bWolters Kluwer _c2020 |
||
| 300 | _a444 | ||
| 650 |
_aBiological Science (PM USHA) _926674 |
||
| 700 |
_aRicer, Rick _918886 |
||
| 942 | _cBK | ||
| 999 |
_c60764 _d60764 |
||